Online
Catalog

Enfermedades populares y migraciones en los Andes / (Record no. 10997)

MARC details
000 -CABECERA
campo de control de longitud fija 01304cam a2200289 a 4500
001 - NÚMERO DE CONTROL
campo de control 000011280
003 - IDENTIFICADOR DEL NÚMERO DE CONTROL
campo de control UkOxU
005 - FECHA Y HORA DE LA ÚLTIMA TRANSACCIÓN
campo de control 20200929162416.0
008 - DATOS DE LONGITUD FIJA--INFORMACIÓN GENERAL
campo de control de longitud fija 790416s1973 ve a b 000 0 spa d
035 ## - NÚMERO DE CONTROL DEL SISTEMA
Número de control de sistema OCLC ocm04862344 from D970109M
040 ## - FUENTE DE LA CATALOGACIÓN
Centro catalogador/agencia de origen DO-SdBNP
Centro/agencia transcriptor IXA
Centro/agencia modificador EQO
-- BNPHU
082 ## - NÚMERO DE LA CLASIFICACIÓN DECIMAL DEWEY
Número de clasificación 615.88287
Número de documento/Ítem S939e
049 ## - FONDOS LOCALES (OCLC)
Fondos de biblioteca BNGR
100 1# - ENTRADA PRINCIPAL--NOMBRE DE PERSONA
Nombre de persona Suárez, María Matilde,
Fechas asociadas al nombre 1940-
9 (RLIN) 26865
245 10 - MENCIÓN DE TÍTULO
Título Enfermedades populares y migraciones en los Andes /
Mención de responsabilidad, etc. María Matilde Suárez, Mario Di Polo.
260 ## - PUBLICACIÓN, DISTRIBUCIÓN, ETC.
Lugar de publicación, distribución, etc. Caracas :
Nombre del editor, distribuidor, etc. Monte Avila Editores,
Fecha de publicación, distribución, etc. 1973.
300 ## - DESCRIPCIÓN FÍSICA
Extensión 60 p. :
Otras características físicas il. ;
Dimensiones 16 cm.
490 1# - MENCIÓN DE SERIE
Mención de serie Científica
Designación de volumen o secuencia 57
500 ## - NOTA GENERAL
Nota general "Ponencias presentadas en el XXIII Congreso Internacional de Sociología, realizado en Caracas en noviembre de 1972."
504 ## - NOTA DE BIBLIOGRAFÍA, ETC.
Nota de bibliografía, etc. Incluye bibliografía.
505 0# - NOTA DE CONTENIDO CON FORMATO
Nota de contenido con formato Suárez, M. M. El hambre y las nociones de calor-frío en las categorías de la medicina popular en un municipio de los Andes.--Suárez, M. M. and Di Polo, M. Patrones espaciales y actitudes migratorias; el caso de El Morro en los Andes venezolanos.
650 #4 - PUNTO DE ACCESO ADICIONAL DE MATERIA--TÉRMINO DE MATERIA
Término de materia o nombre geográfico como elemento de entrada Medicina folclórica
Subdivisión geográfica Venezuela
9 (RLIN) 26866
650 #4 - PUNTO DE ACCESO ADICIONAL DE MATERIA--TÉRMINO DE MATERIA
Término de materia o nombre geográfico como elemento de entrada Migracion rural
Subdivisión general Urbana
Subdivisión geográfica Venezuela
-- El Morro
9 (RLIN) 26867
700 1# - PUNTO DE ACCESO ADICIONAL--NOMBRE DE PERSONA
Nombre de persona Di Polo, Mario,
Fechas asociadas al nombre 1940-
9 (RLIN) 26868
830 #0 - PUNTO DE ACCESO ADICIONAL DE SERIE-TÍTULO UNIFORME
Título uniforme Científica ;
Designación de volumen o secuencia 57
9 (RLIN) 25797
910 ## - DATOS DE OPCIÓN DEL USUARIO (OCLC)
Datos de opción del usuario Catalogación por copia / LC
Holdings
Estado de retiro Estado de pérdida Restricciones de uso No para préstamo Código de colección Localización permanente Ubicación/localización actual Ubicación en estantería Fecha de adquisición Número de inventario Total de préstamos Signatura topográfica completa Código de barras Fecha visto por última vez Precio válido a partir de Tipo de ítem Koha
    Préstamo interno   Monografías: Libros y Folletos General General En catalogación 15.10.2009 LF1   615.88287 S939e 11280-10 25.06.2020 25.06.2020 Préstamo interno

Powered by Koha